000 00520nam a2200205Ia 4500
003 OSt
005 20220927110333.0
006 a|||||r|||| 00| 0
007 ta
008 220926b |||||||| |||| 00| 0 eng d
024 _a150994
037 _cReference Collections
040 _aRTL
_cRTL
_beng
041 _2eng
_aeng
082 _aX
100 _aBHAGOWALIA Priya
_9376211
245 0 _aCalorie demand in rural Maharashtra
942 _hX
_cCC
999 _c695573
_d695573